000 00390nam a2200121Ia 4500
008 220204s9999 xx 000 0 und d
082 _aNR:62:678.028
_bHAM
100 _aHamed, Gray R
245 0 _aFracture of rubber vulcanizates: Application of energy conserrvation - Paper presented at ITEC `96, 12 September 1996
260 _aAkron
_c1996
650 _aEnergy conservation
942 _cBK
999 _c41065
_d41065